[Event "GER-chT Seniors 25th"]
[Site "Magdeburg"]
[Date "2016.10.10"]
[Round "2.8"]
[White "Gregor, George"]
[Black "Kiefer, Gerhard"]
[Result "1/2-1/2"]
[WhiteElo "2237"]
[BlackElo "2237"]
[PlyCount "160"]
[EventDate "2016.10.09"]
[EventType "team-swiss"]
[EventRounds "7"]
[EventCountry "GER"]
[SourceTitle "EXT 2019"]
[Source "ChessBase"]
[SourceDate "2018.10.10"]
[SourceVersion "1"]
[SourceVersionDate "2018.10.10"]
[SourceQuality "1"]
[WhiteTeam "Sachsen Anhalt"]
[BlackTeam "Baden"]
[WhiteTeamCountry "GER"]
[BlackTeamCountry "GER"]

1. c4 e5 2. g3 Nf6 3. Bg2 d5 4. cxd5 Nxd5 5. Nc3 Nb6 6. Nf3 Nc6 7. 0-0 Be7 8. d3 0-0 9. a3 Be6 10. b4 f6 11. Bb2 a5 12. b5 Nd4 13. Nd2 Qc8 14. e3 Nf5 15. Qc2 a4 16. Rac1 Ra5 17. Nc4 Nxc4 18. dxc4 Kh8 19. Nd5 Bc5 20. Bc3 Ra7 21. Bb4 Bxb4 22. Nxb4 Nd6 23. Bd5 Bxd5 24. Nxd5 Qd7 25. Rfd1 Qf7 26. Nxc7 Qxc7 27. b6 Qxb6 28. c5 Qc7 29. cxd6 Qd7 30. Qc7 b5 31. Qxd7 Rxd7 32. Rc5 Rb8 33. Rdd5 Kg8 34. Rxb5 Rxb5 35. Rxb5 Rxd6 36. Ra5 Rd2 37. Rxa4 Kf7 38. h4 Kg6 39. Ra7 Ra2 40. Kg2 h5 41. a4 e4 42. a5 Kf5 43. Rxg7 Rxa5 44. g4+ hxg4 45. h5 Ke6 46. Rxg4 Rxh5 47. Rxe4+ Kf7 48. Ra4 Rg5+ 49. Kf3 Rf5+ 50. Kg3 Rg5+ 51. Kf4 Rh5 52. Ra8 Rh4+ 53. Kg3 Rb4 54. Kf3 Rb2 55. e4 Rc2 56. Ke3 Rb2 57. f3 Rb3+ 58. Kf4 Rb5 59. Rd8 Ra5 60. Rd5 Ra3 61. Rb5 Rc3 62. Kg4 Re3 63. Rb4 Ra3 64. Rb7+ Kf8 65. f4 Ra5 66. Rd7 Ra1 67. Kf5 Rf1 68. Rd6 Kg7 69. Ra6 Rf2 70. Ra1 Kf8 71. Ra7 Rf1 72. Rh7 Rf2 73. Rb7 Rf1 74. Kxf6 Rxf4+ 75. Ke5 Rh4 76. Kf5 Rh6 77. e5 Ke8 78. Kg5 Re6 79. Kf5 Ra6 80. e6 Ra1 1/2-1/2

[Event "WchT Seniors 50"]
[Site "Radebeul"]
[Date "2016.06.28"]
[Round "3.1"]
[White "Gregor, George"]
[Black "Weichelt, Jens"]
[Result "1/2-1/2"]
[WhiteElo "2226"]
[BlackElo "2073"]
[PlyCount "115"]
[EventDate "2016.06.26"]
[EventType "team-swiss"]
[EventRounds "9"]
[EventCountry "GER"]
[SourceTitle "CBM 173 Extra"]
[Source "ChessBase"]
[SourceDate "2016.08.29"]
[SourceVersion "1"]
[SourceVersionDate "2016.08.29"]
[SourceQuality "1"]
[WhiteTeam "Sachsen Anhalt"]
[BlackTeam "Heidenau"]
[WhiteTeamCountry "GER"]
[BlackTeamCountry "GER"]

1. Nf3 Nf6 2. c4 g6 3. g3 Bg7 4. Bg2 0-0 5. Nc3 c6 6. d4 d6 7. 0-0 Nbd7 8. b3 Re8 9. Bb2 Nf8 10. e4 N6d7 11. Qd2 e5 12. d5 c5 13. Nb5 Nf6 14. Qe2 Nh5 15. Nd2 f5 16. exf5 Bxf5 17. Ne4 Bxe4 18. Bxe4 Bf6 19. Qc2 a6 20. Nc3 Rc8 21. Bg2 Ng7 22. Bh3 Rc7 23. Ne4 Rf7 24. Nxf6+ Rxf6 25. f4 Nd7 26. Bxd7 Qxd7 27. fxe5 Rxf1+ 28. Rxf1 dxe5 29. Qf2 Qe7 30. Bxe5 Nf5 31. Bc3 Qg5 32. Qf4 Qxf4 33. Rxf4 Re3 34. Ba5 Nd6 35. Bc7 Nc8 36. Kf2 Re7 37. Bb8 b5 38. Rf6 Rf7 39. Rxf7 Kxf7 40. cxb5 axb5 41. a4 c4 42. bxc4 bxa4 43. Ke3 a3 44. c5 Ne7 45. Ke4 Nf5 46. Be5 Ke7 47. g4 Nh6 48. h3 Nf7 49. Bc3 Ng5+ 50. Kd4 a2 51. Kc4 Nxh3 52. Kb3 Nf2 53. Kxa2 Nxg4 54. c6 Kd6 55. Bb4+ Kc7 56. Ba5+ Kd6 57. Bb4+ Kc7 58. Ba5+ 1/2-1/2

[Event "WchT Seniors 50"]
[Site "Radebeul"]
[Date "2016.06.26"]
[Round "1.1"]
[White "Gregor, George"]
[Black "Daemering, Katrin"]
[Result "1-0"]
[WhiteElo "2226"]
[BlackElo "2040"]
[PlyCount "113"]
[EventDate "2016.06.26"]
[EventType "team-swiss"]
[EventRounds "9"]
[EventCountry "GER"]
[SourceTitle "CBM 173 Extra"]
[Source "ChessBase"]
[SourceDate "2016.08.29"]
[SourceVersion "1"]
[SourceVersionDate "2016.08.29"]
[SourceQuality "1"]
[WhiteTeam "Sachsen Anhalt"]
[BlackTeam "Markkleeberg"]
[WhiteTeamCountry "GER"]
[BlackTeamCountry "GER"]

1. Nf3 d6 2. g3 Nf6 3. c4 c5 4. Bg2 g6 5. d4 cxd4 6. Nxd4 Bg7 7. 0-0 0-0 8. Nc3 Nbd7 9. b3 a6 10. Bb2 Nc5 11. Rc1 Rb8 12. Re1 Bd7 13. Qd2 Ng4 14. Rcd1 Bh6 15. Qc2 b5 16. cxb5 axb5 17. h3 Nf6 18. b4 Na6 19. a3 Qb6 20. Qd3 Bg7 21. e3 Nc7 22. Rc1 e5 23. Nb3 Be6 24. Na5 d5 25. Ne2 Qd6 26. Rc6 Qd7 27. Bxe5 Rbc8 28. Rec1 Nfe8 29. Bxg7 Kxg7 30. Nf4 Rd8 31. Qd4+ Kg8 32. h4 Bf5 33. Qb6 Ne6 34. Nxd5 Kg7 35. e4 Bg4 36. f3 Bh5 37. Nb3 g5 38. Nc5 Nxc5 39. Qxc5 gxh4 40. g4 Bg6 41. Qxb5 Qa7+ 42. Qb6 Qa8 43. a4 Rb8 44. Qd4+ f6 45. g5 Qxa4 46. gxf6+ Kh8 47. e5 Rd8 48. Kh2 Qa2 49. Rd1 h3 50. Kxh3 Bf5+ 51. Kh2 Qa8 52. Qc5 Rf7 53. Ne3 Rxd1 54. Nxd1 Bd7 55. Rc7 Qa2 56. Ne3 h6 57. Qd5 1-0

[Event "Oberliga Ost-A 0708"]
[Site "Germany"]
[Date "2008.01.19"]
[Round "6.2"]
[White "Gregor, George"]
[Black "Womacka, Mathias"]
[Result "1/2-1/2"]
[WhiteElo "2239"]
[BlackElo "2467"]
[PlyCount "45"]
[EventDate "2007.09.23"]
[EventType "team-tourn"]
[EventRounds "11"]
[EventCountry "GER"]
[SourceTitle "EXT 2009"]
[Source "ChessBase"]
[SourceDate "2008.11.26"]
[SourceVersion "1"]
[SourceVersionDate "2008.11.26"]
[SourceQuality "1"]
[WhiteTeam "Halle USV II"]
[BlackTeam "Chemnitz"]
[WhiteTeamCountry "GER"]
[BlackTeamCountry "GER"]

1. c4 c5 2. Nf3 Nf6 3. g3 b6 4. Bg2 Bb7 5. Nc3 e6 6. 0-0 Be7 7. Re1 a6 8. e4 d6 9. d4 cxd4 10. Nxd4 Qc7 11. Be3 Nbd7 12. Rc1 0-0 13. f4 h5 14. h3 Rfe8 15. Bf2 g6 16. Qd2 Bf8 17. b3 Rad8 18. Qe2 Bg7 19. Red1 Qb8 20. Nf3 Ba8 21. Bd4 e5 22. fxe5 dxe5 23. Bf2 1/2-1/2

[Event "Blankenburg op-A 13th"]
[Site "Blankenburg"]
[Date "2005.10.04"]
[Round "7"]
[White "Frotscher, Thomas"]
[Black "Gregor, George"]
[Result "1/2-1/2"]
[WhiteElo "2196"]
[BlackElo "2235"]
[PlyCount "150"]
[EventDate "2005.09.30"]
[EventType "swiss"]
[EventRounds "7"]
[EventCountry "GER"]
[SourceTitle "EXT 2007"]
[Source "ChessBase"]
[SourceDate "2006.11.23"]
[SourceVersion "1"]
[SourceVersionDate "2006.11.23"]
[SourceQuality "1"]

1. d4 g6 2. c4 Bg7 3. Nc3 Nf6 4. e4 d6 5. Nge2 0-0 6. Ng3 e5 7. d5 c6 8. Be2 cxd5 9. cxd5 a6 10. h4 h5 11. Bg5 Nbd7 12. Qd2 b5 13. a3 Nc5 14. Qd1 Qe8 15. f3 Bb7 16. b4 Na4 17. Nxa4 bxa4 18. Rc1 Rc8 19. 0-0 Nh7 20. Rxc8 Bxc8 21. Be3 Qe7 22. Qxa4 Qxh4 23. Bf2 Qg5 24. Bxa6 h4 25. Ne2 Bh3 26. Bg3 hxg3 27. gxh3 f5 28. Qc2 Qh4 29. Kg2 Ng5 30. Ng1 fxe4 31. fxe4 Rf2+ 32. Rxf2 gxf2 33. Qxf2 Qxe4+ 34. Kh2 Bh6 35. Qg2 Qb1 36. h4 Nh7 37. Nh3 Nf6 38. Be2 Qf5 39. Qf3 Bf4+ 40. Kg2 Nh5 41. Bd3 Qf6 42. Qg4 Kg7 43. b5 Be3 44. a4 Bb6 45. Be4 Qf7 46. Qe6 Qxe6 47. dxe6 Kf6 48. e7 Kxe7 49. Bxg6 Ng7 50. Be4 Nh5 51. Kf3 Nf6 52. Ng5 d5 53. Bg6 Bc7 54. h5 Ng8 55. Bf7 Nf6 56. Bg6 Ng8 57. Ke3 Nh6 58. Kd3 Kf6 59. Nf3 e4+ 60. Bxe4 dxe4+ 61. Kxe4 Ke6 62. Kd4 Kd6 63. Kc4 Nf5 64. Nd4 Ne3+ 65. Kd3 Ng4 66. Nb3 Kd5 67. a5 Ne5+ 68. Kc3 Nc4 69. b6 Nxb6 70. axb6 Bxb6 71. h6 Bd8 72. Kd3 Ke5 73. Nd4 Kf6 74. Ke4 Kg6 75. Nf5 Bg5 1/2-1/2

[Event "Blankenburg op-A 13th"]
[Site "Blankenburg"]
[Date "2005.10.01"]
[Round "3"]
[White "Michael, Dirk"]
[Black "Gregor, George"]
[Result "0-1"]
[WhiteElo "2148"]
[BlackElo "2235"]
[PlyCount "73"]
[EventDate "2005.09.30"]
[EventType "swiss"]
[EventRounds "7"]
[EventCountry "GER"]
[SourceTitle "EXT 2007"]
[Source "ChessBase"]
[SourceDate "2006.11.23"]
[SourceVersion "1"]
[SourceVersionDate "2006.11.23"]
[SourceQuality "1"]

1. c4 g6 2. Nc3 c5 3. g3 Bg7 4. Bg2 Nc6 5. d3 d6 6. e3 Nf6 7. Nge2 0-0 8. 0-0 Rb8 9. a3 Bf5 10. e4 Bg4 11. f3 Bd7 12. Rb1 Ne8 13. b4 Nc7 14. bxc5 dxc5 15. Be3 Ne6 16. Qd2 Ned4 17. Bf4 Nxe2+ 18. Nxe2 Be5 19. Bxe5 Nxe5 20. Qe3 b6 21. f4 Nc6 22. h3 Qc7 23. Nc3 Nd4 24. Nd5 Qd8 25. f5 Bc6 26. Nxe7+ Qxe7 27. f6 Qe5 28. Qh6 Ne6 29. g4 Qg5 30. Qxg5 Nxg5 31. Kf2 Rbd8 32. Ke3 Ne6 33. Rb2 h6 34. Rd1 Kh7 35. h4 g5 36. h5 Nf4 37. Rf2 0-1

[Event "Blankenburg op-A 13th"]
[Site "Blankenburg"]
[Date "2005.09.30"]
[Round "1"]
[White "Lechnauer, Uwe"]
[Black "Gregor, George"]
[Result "0-1"]
[WhiteElo "1794"]
[BlackElo "2235"]
[PlyCount "46"]
[EventDate "2005.09.30"]
[EventType "swiss"]
[EventRounds "7"]
[EventCountry "GER"]
[SourceTitle "EXT 2007"]
[Source "ChessBase"]
[SourceDate "2006.11.23"]
[SourceVersion "1"]
[SourceVersionDate "2006.11.23"]
[SourceQuality "1"]

1. e4 c5 2. d4 cxd4 3. Bc4 Nc6 4. f4 g6 5. Nf3 Bg7 6. 0-0 Na5 7. Na3 Nxc4 8. Nxc4 b5 9. Nce5 d6 10. Nd3 Nf6 11. e5 dxe5 12. Ndxe5 0-0 13. Qxd4 Bb7 14. Qd3 Qxd3 15. Nxd3 Rfd8 16. Nfe5 Rac8 17. c3 Nd5 18. Nf2 b4 19. c4 f6 20. Nxg6 Rxc4 21. b3 Rc2 22. Nh4 f5 23. Rb1 Nc3 0-1

[Event "Wernigerode op-A 7th"]
[Site "Wernigerode"]
[Date "1998.10.17"]
[Round "6"]
[White "Gregor, George"]
[Black "Heinzel, Olaf"]
[Result "0-1"]
[WhiteElo "2105"]
[BlackElo "2365"]
[PlyCount "52"]
[EventDate "1998.10.15"]
[EventType "swiss"]
[EventRounds "7"]
[EventCountry "GER"]
[SourceTitle "EXT 2020"]
[Source "ChessBase"]
[SourceDate "2019.10.17"]
[SourceVersion "1"]
[SourceVersionDate "2019.10.17"]
[SourceQuality "1"]

1. d4 d5 2. Nf3 c6 3. g3 Bf5 4. Bg2 Nf6 5. 0-0 e6 6. Nbd2 Nbd7 7. c4 Be7 8. Re1 Ne4 9. Qb3 Qb6 10. Qxb6 axb6 11. cxd5 exd5 12. Nb3 Ra4 13. e3 0-0 14. Bd2 Rfa8 15. a3 b5 16. Bb4 Bxb4 17. axb4 Rxa1 18. Rxa1 Rxa1+ 19. Nxa1 Nb8 20. Nb3 Nd6 21. Nfd2 Na6 22. f3 Nxb4 23. e4 Be6 24. exd5 Bxd5 25. f4 Bxg2 26. Kxg2 Nd3 0-1

[Event "Wernigerode op-A 7th"]
[Site "Wernigerode"]
[Date "1998.10.16"]
[Round "4"]
[White "Pape, Manfred"]
[Black "Gregor, George"]
[Result "0-1"]
[WhiteElo "2141"]
[BlackElo "2105"]
[PlyCount "106"]
[EventDate "1998.10.15"]
[EventType "swiss"]
[EventRounds "7"]
[EventCountry "GER"]
[SourceTitle "EXT 2020"]
[Source "ChessBase"]
[SourceDate "2019.10.17"]
[SourceVersion "1"]
[SourceVersionDate "2019.10.17"]
[SourceQuality "1"]

1. Nf3 Nf6 2. g3 g6 3. Bg2 Bg7 4. 0-0 0-0 5. c4 d6 6. Nc3 e5 7. d4 Nbd7 8. h3 c6 9. Bg5 h6 10. Be3 Qe7 11. Qd2 Kh7 12. Rad1 e4 13. Nh2 d5 14. b3 Nb6 15. c5 Nbd7 16. b4 Ne8 17. b5 f5 18. h4 Ndf6 19. bxc6 bxc6 20. Bf4 Nh5 21. e3 g5 22. hxg5 hxg5 23. Qe2 Kg6 24. Rfe1 gxf4 25. exf4 Qc7 26. Qc2 Nef6 27. Nf1 Kf7 28. Ne3 Rh8 29. Ne2 Ng4 30. Nf1 Nhf6 31. Qa4 Bd7 32. Rb1 Rhb8 33. Nc3 Rxb1 34. Rxb1 Rb8 35. Rb4 Rxb4 36. Qxb4 Bc8 37. Nd1 Qb7 38. Qd2 Qb1 39. Nc3 Qa1 40. Bh3 Ba6 41. Nd1 Ng8 42. Bxg4 fxg4 43. Nfe3 Qxd4 44. Qa5 Be2 45. Qc7+ Ne7 46. Nf5 Qxd1+ 47. Kh2 Bf6 48. Nd6+ Ke6 49. Qb8 Bf3 50. f5+ Nxf5 51. Qc8+ Ke5 52. Qxf5+ Kd4 53. Qxf6+ Kd3 0-1